000 01116nam a2200241 a 4500
001 000043267
005 20250909091242.0
008 140303s2010 sp 000 0 spa d
040 _aDO-SdBNP
_bspia
_cBNPHU
100 1 _aLizcano Pellón, Manuel
_970882
245 1 0 _aManuel Lizcano Pellón /
_cManuel Lizcano Pellón ; edición, elección e introducción Emmánuel Lizcano Fernández.
260 _aMadrid :
_bAgencia Española de Cooperación Internacional,
_c2010.
300 _a261 p. ;
_c24 cm.
490 1 _aAntología del pensamiento político, social y económico de América latina ;
_v14
490 1 _aCiencias y humanismo
504 _aIncluye referencias bibliográficas y notas al pie de las páginas
504 _aBibliografía : p.253 -261
500 _aIncluye datos biográficos de los editor en al solapa de la cubierta
700 1 _aLizcano Fernández, Emmánuel
_eed.
_970883
710 2 _aAgencia Española de Cooperación Internacional
_934585
830 0 _aAntología del pensamiento político, social y económico de América Latina
_v14
_970880
830 0 _aCiencias y humanismo
_970218
999 _c42756
_d42756